000 00456 a2200181 4500
001 110949
020 _a9780710503459
041 _apor
090 _aP Year 2 [E]
100 _aPatience, John.
250 _a1. Ed.
697 _aLiterature for children and youth.
856 _u00001b/00001bfd.jpg
040 _aBR-BrIDEA
_cBR-BrIDEA
245 1 0 _aTre pied piper of ramelin
_c John Patience
260 _a[S.l.]
_bPeter haddock.
_c2013
942 _cBK
999 _c110949
_d110949